000 00495nam a2200169 i 4500
001 38558
003 ES-MaACL
005 20230906155759.0
007 t|
008 030225s1968 sp ||||1| spa d
100 1 _aCaldwell, Erskine.
_933643
245 1 0 _aA la sombra del campanario /
_cErskine Caldwell ; [traductor, Fernando Calleja].
260 _aMadrid :
_bAlianza,
_c[1968]
300 _a209 p. ;
_c18 cm.
700 1 _aCalleja, Fernando.
_933715
852 _aES-MaACL
_jC-36246
_bR.66675
999 _c38558
_d38558